[Event "Titled Tuesday intern op 11th Apr Late"]
[Site "Chess.com INT"]
[Date "2023.04.11"]
[Round "7"]
[White "Vovk, Orest"]
[Black "Manzone, Alessandro Jr"]
[Result "0-1"]
[WhiteElo "2315"]
[BlackElo "2391"]
[PlyCount "80"]
[EventDate "2023.04.11"]
[EventType "swiss (blitz)"]
[EventRounds "11"]
[EventCountry "USA"]
[SourceTitle "CBM 213 Extra"]
[Source "ChessBase"]
[SourceDate "2023.05.31"]
[SourceVersion "1"]
[SourceVersionDate "2023.05.31"]
[SourceQuality "1"]

1. h4 e5 2. h5 h6 3. d4 exd4 4. Qxd4 Nf6 5. g4 Nc6 6. Qa4 d5 7. g5 Ne4 8. gxh6 gxh6 9. Nd2 Nc5 10. Qh4 Be7 11. Qg3 Bd6 12. Qe3+ Be6 13. Ngf3 Qf6 14. Bh3 0-0-0 15. Bxe6+ fxe6 16. Nb3 Ne4 17. c3 Kb8 18. Nfd4 Nxd4 19. Nxd4 Bc5 20. Qf4 Bxd4 21. cxd4 Qxd4 22. Be3 Qb4+ 23. Kf1 Rhf8 24. Qe5 Rde8 25. Rc1 Qe7 26. Qd4 b6 27. Ke1 Rf5 28. Qa4 Ref8 29. f3 Nd6 30. Bf2 e5 31. b3 e4 32. Bg3 exf3 33. Rh2 Rg8 34. Bxd6 Qxd6 35. Rf2 Rg1+ 36. Kd2 Rxc1 37. Kxc1 Qc5+ 38. Kd1 Qxf2 39. Qe8+ Kb7 40. Qe3 Qxe3 0-1

[Event "Titled Tuesday intern op 04th Apr Late"]
[Site "Chess.com INT"]
[Date "2023.04.04"]
[Round "4"]
[White "Hajiyev, Kanan"]
[Black "Manzone, Alessandro Jr"]
[Result "1-0"]
[WhiteElo "2194"]
[BlackElo "2391"]
[PlyCount "123"]
[EventDate "2023.04.04"]
[EventType "swiss (blitz)"]
[EventRounds "11"]
[EventCountry "USA"]
[SourceTitle "EXT 2024"]
[Source "ChessBase"]
[SourceDate "2023.10.10"]
[SourceVersion "1"]
[SourceVersionDate "2023.10.10"]
[SourceQuality "1"]

1. d4 Nf6 2. Nf3 e6 3. c4 Bb4+ 4. Nbd2 d6 5. g3 0-0 6. Bg2 Nc6 7. 0-0 e5 8. Nb3 exd4 9. Nfxd4 Ne5 10. a3 Bc5 11. Nxc5 dxc5 12. Nb3 Qe7 13. Qc2 Be6 14. f4 Nxc4 15. f5 Bd5 16. Bxd5 Ne3 17. Qxc5 Qxc5 18. Nxc5 Nxf1 19. Bxb7 Rad8 20. Nd3 Nxg3 21. hxg3 Rfe8 22. Bf3 Ne4 23. Bf4 c5 24. Rc1 Rd5 25. Rc4 Rd4 26. Rxd4 cxd4 27. Be5 Ng5 28. Kf2 Nxf3 29. Kxf3 Rd8 30. Ke4 f6 31. Bxd4 a6 32. b4 Kf7 33. Nc5 Rd6 34. Kd3 g6 35. fxg6+ hxg6 36. e4 Ke7 37. Kc4 Rc6 38. Kd5 Rd6+ 39. Kc4 Rc6 40. a4 Rc8 41. Kd5 f5 42. exf5 gxf5 43. Ke5 Rg8 44. Bf2 Rg4 45. Nxa6 Kd7 46. Kxf5 Rc4 47. Nc5+ Kc6 48. Nd3 Rc3 49. Ne5+ Kd5 50. Ng6 Rf3+ 51. Nf4+ Kc4 52. Bc5 Rxg3 53. a5 Kb5 54. Ke5 Rg5+ 55. Ke4 Rg8 56. Ne6 Re8 57. Kd5 Rg8 58. Nc7+ Ka4 59. a6 Rg5+ 60. Kc6 Rg6+ 61. Bd6 Rg8 62. a7 1-0

[Event "Titled Tuesday intern op 04th Apr Late"]
[Site "Chess.com INT"]
[Date "2023.04.04"]
[Round "6"]
[White "Ljubarov, Mark"]
[Black "Manzone, Alessandro Jr"]
[Result "1/2-1/2"]
[WhiteElo "2286"]
[BlackElo "2391"]
[PlyCount "202"]
[EventDate "2023.04.04"]
[EventType "swiss (blitz)"]
[EventRounds "11"]
[EventCountry "USA"]
[SourceTitle "EXT 2024"]
[Source "ChessBase"]
[SourceDate "2023.10.10"]
[SourceVersion "1"]
[SourceVersionDate "2023.10.10"]
[SourceQuality "1"]

1. d4 Nf6 2. c4 e6 3. Nf3 Bb4+ 4. Bd2 a5 5. g3 d6 6. Bg2 Nbd7 7. 0-0 e5 8. dxe5 Nxe5 9. Nxe5 dxe5 10. a3 Bxd2 11. Qxd2 Qxd2 12. Nxd2 c6 13. b4 Be6 14. Rfd1 Ke7 15. c5 Rhd8 16. Ne4 Nxe4 17. Bxe4 axb4 18. axb4 Rxa1 19. Rxa1 Rd4 20. Bd3 Rxb4 21. h4 e4 22. Rb1 Rxb1+ 23. Bxb1 Bd5 24. e3 h6 25. Kf1 Kd7 26. Ke2 Kc7 27. Kd2 b6 28. cxb6+ Kxb6 29. Kc3 Kc5 30. Bc2 g5 31. hxg5 hxg5 32. Bd1 Kd6 33. Kd4 c5+ 34. Kc3 Bb7 35. Bb3 f6 36. Bd1 Ba6 37. Bg4 Ke5 38. Bd7 f5 39. Ba4 f4 40. gxf4+ gxf4 41. Bd7 Bd3 42. Bg4 fxe3 43. fxe3 Kf6 44. Bd7 Kg5 45. Kd2 Kh4 46. Be6 Kg3 47. Bd7 Kf2 48. Be6 Be2 49. Bf5 Bf3 50. Be6 Kg3 51. Bf7 Kg4 52. Be6+ Kg5 53. Kc3 Be2 54. Bd7 Kf6 55. Bc8 Ke5 56. Bh3 Kd6 57. Bf5 Bd3 58. Bh3 Kc6 59. Be6 Kb5 60. Bd7+ Ka5 61. Be8 Bb5 62. Bg6 Bd3 63. Be8 Kb6 64. Bd7 Kc7 65. Bf5 Kd6 66. Bg6 Ke5 67. Be8 Ba6 68. Bd7 Be2 69. Bh3 Kf6 70. Bd7 Bd3 71. Bc8 Kg5 72. Bd7 Be2 73. Bc8 Bg4 74. Bb7 Bf3 75. Kc4 Kg4 76. Kxc5 Kf5 77. Kd4 Bg2 78. Bc8+ Kf6 79. Bg4 Bf3 80. Bh3 Bh1 81. Bf1 Bf3 82. Bb5 Bh1 83. Bd7 Bf3 84. Bc8 Bh1 85. Kc3 Bf3 86. Kd2 Bh1 87. Ke1 Bf3 88. Kf2 Ke5 89. Kg3 Bh5 90. Bg4 Bf7 91. Be2 Bd5 92. Kg4 Be6+ 93. Kg5 Bd5 94. Bg4 Bb3 95. Bh3 Bc2 96. Bg2 Bd3 97. Bxe4 Bxe4 98. Kh4 Bf5 99. Kg3 Ke4 100. Kh4 Bg4 101. Kxg4 Kxe3 1/2-1/2

[Event "Titled Tuesday intern op 04th Apr Late"]
[Site "Chess.com INT"]
[Date "2023.04.04"]
[Round "9"]
[White "Manzone, Alessandro Jr"]
[Black "Senthilkumar, Pranav"]
[Result "1-0"]
[WhiteElo "2391"]
[BlackElo "1854"]
[PlyCount "50"]
[EventDate "2023.04.04"]
[EventType "swiss (blitz)"]
[EventRounds "11"]
[EventCountry "USA"]
[SourceTitle "EXT 2024"]
[Source "ChessBase"]
[SourceDate "2023.10.10"]
[SourceVersion "1"]
[SourceVersionDate "2023.10.10"]
[SourceQuality "1"]

1. d4 Nf6 2. c4 e6 3. Nc3 Bb4 4. g3 d5 5. Bg2 0-0 6. Nf3 Ne4 7. Qd3 Nxc3 8. bxc3 Be7 9. 0-0 Bd7 10. Ne5 c6 11. cxd5 cxd5 12. e4 Bc6 13. Nxc6 Nxc6 14. exd5 exd5 15. Qb5 Rc8 16. Qxd5 Qb6 17. Qb3 Qc7 18. Bf4 Qd7 19. Qa4 Rfd8 20. Rab1 a6 21. Rb6 Bf6 22. Rfb1 Nxd4 23. Qxd7 Ne2+ 24. Kf1 Rxd7 25. Kxe2 g6 1-0

[Event "Titled Tuesday intern op 04th Apr Late"]
[Site "Chess.com INT"]
[Date "2023.04.04"]
[Round "5"]
[White "Manzone, Alessandro Jr"]
[Black "Tyagi, Kushan"]
[Result "1-0"]
[WhiteElo "2391"]
[BlackElo "2060"]
[PlyCount "39"]
[EventDate "2023.04.04"]
[EventType "swiss (blitz)"]
[EventRounds "11"]
[EventCountry "USA"]
[SourceTitle "EXT 2024"]
[Source "ChessBase"]
[SourceDate "2023.10.10"]
[SourceVersion "1"]
[SourceVersionDate "2023.10.10"]
[SourceQuality "1"]

1. d4 c5 2. d5 e5 3. c4 d6 4. Nc3 Be7 5. Nf3 a6 6. h3 f5 7. e4 Nf6 8. exf5 Bxf5 9. Bd3 Qc8 10. Ng5 0-0 11. 0-0 h6 12. Bxf5 Qxf5 13. Ne6 Rf7 14. f4 exf4 15. Bxf4 Qg6 16. Qb1 Qh5 17. Bh2 Nbd7 18. Qd3 Ne5 19. Bxe5 Qxe5 20. Rf5 1-0

[Event "Titled Tuesday intern op 04th Apr Late"]
[Site "Chess.com INT"]
[Date "2023.04.04"]
[Round "1"]
[White "Senft, Sean"]
[Black "Manzone, Alessandro Jr"]
[Result "1-0"]
[WhiteElo "2089"]
[BlackElo "2391"]
[PlyCount "79"]
[EventDate "2023.04.04"]
[EventType "swiss (blitz)"]
[EventRounds "11"]
[EventCountry "USA"]
[SourceTitle "EXT 2024"]
[Source "ChessBase"]
[SourceDate "2023.10.10"]
[SourceVersion "1"]
[SourceVersionDate "2023.10.10"]
[SourceQuality "1"]

1. d4 Nf6 2. c4 e6 3. Nc3 Bb4 4. Nf3 0-0 5. Bg5 d5 6. e3 h6 7. Bh4 c5 8. cxd5 exd5 9. Bd3 Nc6 10. 0-0 cxd4 11. exd4 Be7 12. Re1 Be6 13. Rc1 Re8 14. Bb1 Ne4 15. Bxe7 Rxe7 16. Nxe4 dxe4 17. Bxe4 Bxa2 18. d5 Ne5 19. Nxe5 Rxe5 20. Bh7+ Kxh7 21. Rxe5 Qf6 22. Qd3+ g6 23. Rce1 Rd8 24. h3 Rd7 25. b3 Qd6 26. R5e2 Qa3 27. Ra1 Qxb3 28. Qe4 f5 29. Qe6 Qxd5 30. Raxa2 Qd1+ 31. Re1 Qd4 32. Rae2 Rg7 33. Qe8 h5 34. Re7 Rxe7 35. Qxe7+ Kh6 36. h4 Qc3 37. Qf8+ Qg7 38. Qxg7+ Kxg7 39. Re7+ Kf6 40. Rxb7 1-0

[Event "Buenos Aires Torre Blanca Cup"]
[Site "Buenos Aires"]
[Date "2023.03.24"]
[Round "9"]
[White "Manzone, Alessandro Jr"]
[Black "Oro, Faustino"]
[Result "1/2-1/2"]
[WhiteElo "2401"]
[BlackElo "2211"]
[PlyCount "76"]
[EventDate "2023.03.17"]
[EventType "tourn"]
[EventRounds "9"]
[EventCountry "ARG"]
[EventCategory "3"]
[SourceTitle "CBM 213 Extra"]
[Source "ChessBase"]
[SourceDate "2023.05.31"]
[SourceVersion "1"]
[SourceVersionDate "2023.05.31"]
[SourceQuality "1"]

1. d4 Nf6 2. c4 e6 3. Nf3 d5 4. Nc3 Be7 5. Bg5 Nbd7 6. cxd5 exd5 7. e3 0-0 8. Bd3 c6 9. Qc2 Re8 10. 0-0 h6 11. Bf4 Nf8 12. h3 Be6 13. Na4 N8d7 14. a3 Ne4 15. b4 Bf5 16. Nc5 Qc8 17. Nxe4 dxe4 18. Bxe4 Bxe4 19. Qxe4 Bxb4 20. Qf5 Bf8 21. Rfc1 Ne5 22. Qxc8 Nxf3+ 23. gxf3 Raxc8 24. Rc3 Red8 25. Rb1 b5 26. Kf1 a6 27. Rbc1 a5 28. Ke2 Rd5 29. Rb1 f6 30. h4 Kf7 31. Kd3 Ke8 32. e4 Rh5 33. Bg3 Kd7 34. e5 fxe5 35. dxe5 b4 36. axb4 Bxb4 37. Rc4 c5 38. Rg4 Ke6 1/2-1/2

[Event "Buenos Aires Torre Blanca Cup"]
[Site "Buenos Aires"]
[Date "2023.03.22"]
[Round "7"]
[White "Acosta, Pablo Ismael"]
[Black "Manzone, Alessandro Jr"]
[Result "1-0"]
[WhiteElo "2482"]
[BlackElo "2401"]
[PlyCount "101"]
[EventDate "2023.03.17"]
[EventType "tourn"]
[EventRounds "9"]
[EventCountry "ARG"]
[EventCategory "3"]
[SourceTitle "CBM 213 Extra"]
[Source "ChessBase"]
[SourceDate "2023.05.31"]
[SourceVersion "1"]
[SourceVersionDate "2023.05.31"]
[SourceQuality "1"]

1. d4 Nf6 2. Nf3 e6 3. c4 Bb4+ 4. Bd2 a5 5. Qc2 d5 6. a3 Be7 7. g3 0-0 8. Bg2 c5 9. dxc5 Nc6 10. 0-0 d4 11. Rd1 e5 12. Bg5 Nd7 13. Bxe7 Qxe7 14. e3 d3 15. Qc3 e4 16. Nd4 Nxc5 17. Nd2 a4 18. Rf1 Bg4 19. Rae1 Rae8 20. f3 exf3 21. N2xf3 Qd6 22. Nd2 Re5 23. Bd5 Be6 24. Nb5 Qb8 25. e4 Ne7 26. Nf3 Rh5 27. Rf2 Ng6 28. Qb4 b6 29. Nc3 Qa7 30. Nb5 Qb8 31. Nbd4 Re8 32. Ref1 Bxd5 33. exd5 Ne4 34. Rg2 Nc5 35. Qb5 Ne5 36. Nh4 Ng4 37. Nhf5 Qe5 38. Qxb6 Ne4 39. Nc6 Rxf5 40. Rxf5 Qd6 41. Qa7 Ng5 42. Rf1 h5 43. Kh1 f6 44. Qd4 Ne3 45. Qxd3 Nxf1 46. Qxf1 Re4 47. Re2 Rg4 48. Qf5 Rxc4 49. Ne7+ Kf8 50. Ng6+ Kf7 51. Ne5+ 1-0

[Event "Buenos Aires Torre Blanca Cup"]
[Site "Buenos Aires"]
[Date "2023.03.21"]
[Round "6"]
[White "Manzone, Alessandro Jr"]
[Black "Fiorito, Francisco"]
[Result "1-0"]
[WhiteElo "2401"]
[BlackElo "2299"]
[PlyCount "79"]
[EventDate "2023.03.17"]
[EventType "tourn"]
[EventRounds "9"]
[EventCountry "ARG"]
[EventCategory "3"]
[SourceTitle "CBM 213 Extra"]
[Source "ChessBase"]
[SourceDate "2023.05.31"]
[SourceVersion "1"]
[SourceVersionDate "2023.05.31"]
[SourceQuality "1"]

1. d4 Nf6 2. c4 g6 3. Nf3 Bg7 4. Nc3 d5 5. cxd5 Nxd5 6. g3 0-0 7. Bg2 c5 8. 0-0 Nxc3 9. bxc3 cxd4 10. Nxd4 Nc6 11. Nxc6 bxc6 12. Qxd8 Rxd8 13. Bg5 Bxc3 14. Rac1 Bf6 15. Bxf6 exf6 16. Rxc6 Bb7 17. Rxf6 Bxg2 18. Kxg2 Rd2 19. Ra6 Rxe2 20. Rc1 Rd8 21. Rc7 Rd5 22. Rf6 Rxa2 23. Rfxf7 Rf5 24. Rxf5 gxf5 25. Rc5 f4 26. g4 Ra4 27. Rc7 h6 28. Kf3 a5 29. Ra7 Ra3+ 30. Kxf4 Rh3 31. Kf5 Rxh2 32. f4 Rb2 33. Kg6 Rb6+ 34. Kh5 Rb4 35. f5 a4 36. g5 hxg5 37. Kg6 Rb8 38. f6 g4 39. Rg7+ Kf8 40. Rh7 1-0

[Event "Buenos Aires Torre Blanca Cup"]
[Site "Buenos Aires"]
[Date "2023.03.20"]
[Round "5"]
[White "Diaz Hollemaert, Nahuel Carlos"]
[Black "Manzone, Alessandro Jr"]
[Result "1/2-1/2"]
[WhiteElo "2407"]
[BlackElo "2401"]
[PlyCount "80"]
[EventDate "2023.03.17"]
[EventType "tourn"]
[EventRounds "9"]
[EventCountry "ARG"]
[EventCategory "3"]
[SourceTitle "CBM 213 Extra"]
[Source "ChessBase"]
[SourceDate "2023.05.31"]
[SourceVersion "1"]
[SourceVersionDate "2023.05.31"]
[SourceQuality "1"]

1. Nf3 e6 2. b3 Nf6 3. Bb2 d5 4. c4 c5 5. e3 Nc6 6. cxd5 exd5 7. Bb5 Bd6 8. Nc3 0-0 9. d4 cxd4 10. Nxd4 Bg4 11. Be2 Bxe2 12. Ndxe2 Qe7 13. 0-0 Rfd8 14. Nb5 Bc5 15. Rc1 Ne4 16. Ng3 Nxg3 17. hxg3 Bb6 18. Qg4 f6 19. Rfd1 Qd7 20. Qxd7 Rxd7 21. Nd4 Bxd4 22. Bxd4 Kf7 23. Kf1 Re8 24. Bb2 Ke6 25. Rc5 Red8 26. Ke2 Rd6 27. g4 d4 28. f4 dxe3 29. Rxd6+ Kxd6 30. Rh5 h6 31. Kxe3 Ke6 32. Rb5 b6 33. g5 hxg5 34. fxg5 Rd1 35. gxf6 gxf6 36. Rh5 Ne7 37. Rh7 Rg1 38. Rh2 Nd5+ 39. Ke4 Rf1 40. g3 Re1+ 1/2-1/2

[Event "Buenos Aires Torre Blanca Cup"]
[Site "Buenos Aires"]
[Date "2023.03.19"]
[Round "3"]
[White "Fiorito, Joaquin"]
[Black "Manzone, Alessandro Jr"]
[Result "1-0"]
[WhiteElo "2348"]
[BlackElo "2401"]
[PlyCount "49"]
[EventDate "2023.03.17"]
[EventType "tourn"]
[EventRounds "9"]
[EventCountry "ARG"]
[EventCategory "3"]
[SourceTitle "CBM 213 Extra"]
[Source "ChessBase"]
[SourceDate "2023.05.31"]
[SourceVersion "1"]
[SourceVersionDate "2023.05.31"]
[SourceQuality "1"]

1. d4 Nf6 2. c4 e6 3. Nc3 Bb4 4. e3 0-0 5. Bd2 b6 6. Bd3 Bb7 7. f3 c5 8. a3 Bxc3 9. Bxc3 cxd4 10. exd4 d5 11. c5 e5 12. dxe5 d4 13. Bxd4 Nc6 14. Bc3 Re8 15. Ne2 Nxe5 16. Bb5 Nd5 17. Bxe8 Qh4+ 18. Ng3 Ne3 19. Qd6 Rxe8 20. Bxe5 Nc4 21. Qd7 Rxe5+ 22. Kf2 h5 23. Rad1 Kh7 24. Qxb7 Nxb2 25. Rd5 1-0

[Event "Buenos Aires Torre Blanca Cup"]
[Site "Buenos Aires"]
[Date "2023.03.19"]
[Round "4"]
[White "Manzone, Alessandro Jr"]
[Black "Romero Barreto, Jaime Jose"]
[Result "1/2-1/2"]
[WhiteElo "2401"]
[BlackElo "2359"]
[PlyCount "53"]
[EventDate "2023.03.17"]
[EventType "tourn"]
[EventRounds "9"]
[EventCountry "ARG"]
[EventCategory "3"]
[SourceTitle "CBM 213 Extra"]
[Source "ChessBase"]
[SourceDate "2023.05.31"]
[SourceVersion "1"]
[SourceVersionDate "2023.05.31"]
[SourceQuality "1"]

1. d4 Nf6 2. c4 g6 3. Nf3 Bg7 4. g3 0-0 5. Bg2 c6 6. 0-0 d5 7. Nc3 dxc4 8. e4 Bg4 9. h3 Bxf3 10. Bxf3 e5 11. d5 Qc8 12. Bg2 Rd8 13. Bg5 h6 14. Bxf6 Bxf6 15. a4 Na6 16. Qe2 Nb4 17. Qxc4 a5 18. Rad1 cxd5 19. Qxc8 Raxc8 20. exd5 e4 21. Nb5 Rxd5 22. Rxd5 Nxd5 23. Bxe4 Rc5 24. Nd6 Nc7 25. b3 b6 26. Rd1 Rc3 27. Rd3 1/2-1/2

[Event "Buenos Aires Torre Blanca Cup"]
[Site "Buenos Aires"]
[Date "2023.03.18"]
[Round "2"]
[White "Manzone, Alessandro Jr"]
[Black "Perez Candelas, Andres Eloy"]
[Result "0-1"]
[WhiteElo "2401"]
[BlackElo "2256"]
[PlyCount "84"]
[EventDate "2023.03.17"]
[EventType "tourn"]
[EventRounds "9"]
[EventCountry "ARG"]
[EventCategory "3"]
[SourceTitle "CBM 213 Extra"]
[Source "ChessBase"]
[SourceDate "2023.05.31"]
[SourceVersion "1"]
[SourceVersionDate "2023.05.31"]
[SourceQuality "1"]

1. d4 Nf6 2. c4 d6 3. Nf3 g6 4. g3 Bg7 5. Bg2 Bf5 6. 0-0 0-0 7. Nc3 Ne4 8. Qb3 Nxc3 9. bxc3 Be4 10. Bh3 b6 11. d5 Bxf3 12. exf3 Nd7 13. Re1 c6 14. dxc6 Ne5 15. Rxe5 Bxe5 16. Bh6 Bg7 17. Bxg7 Kxg7 18. Bd7 Qc7 19. Re1 Rfe8 20. Qb5 Rad8 21. h4 h5 22. Re4 e6 23. g4 Rh8 24. Rd4 e5 25. Re4 hxg4 26. Rxg4 Rh5 27. a4 Rdh8 28. c5 bxc5 29. Qb7 Qxb7 30. cxb7 Rb8 31. Bc6 f5 32. Rc4 a5 33. Kg2 Kf6 34. Kg3 f4+ 35. Kg2 Rxh4 36. Re4 Rh7 37. c4 Rhxb7 38. Bb5 Rh8 39. Kf1 Rh1+ 40. Ke2 Rb1 41. Kd3 Rb2 42. Re1 Rxf2 0-1

[Event "Vicente Lopez ProAm 100 Years op"]
[Site "Buenos Aires"]
[Date "2022.10.17"]
[Round "8"]
[White "Villca, Julian"]
[Black "Manzone, Alessandro Jr"]
[Result "0-1"]
[WhiteElo "2363"]
[BlackElo "2394"]
[PlyCount "82"]
[EventDate "2022.10.11"]
[EventType "swiss"]
[EventRounds "9"]
[EventCountry "ARG"]
[SourceTitle "CBM 210 Extra"]
[Source "ChessBase"]
[SourceDate "2022.11.30"]
[SourceVersion "1"]
[SourceVersionDate "2022.11.30"]
[SourceQuality "1"]

1. c4 e6 2. Nf3 Nf6 3. b3 d5 4. Bb2 c5 5. e3 Bd6 6. Be2 0-0 7. cxd5 exd5 8. 0-0 Nc6 9. d4 Re8 10. Nc3 cxd4 11. Nxd4 Be5 12. Na4 Ne4 13. Nxc6 bxc6 14. Bxe5 Rxe5 15. Qd4 Qd6 16. Rac1 Re6 17. f3 Ng5 18. Nc5 Rh6 19. f4 Ne6 20. Nxe6 Rxe6 21. Bf3 Bd7 22. Rc3 a5 23. Rfc1 Ree8 24. Rc5 Qb8 25. Rd1 Qa7 26. h4 Reb8 27. Qc3 Rb4 28. h5 h6 29. a3 Rxb3 30. Qxb3 Qxc5 31. Kh2 Bf5 32. g4 Be6 33. Rd2 a4 34. Qd3 Rb8 35. Bd1 Re8 36. Kg2 Bd7 37. Kf3 Re4 38. Rb2 Qe7 39. Rb8+ Kh7 40. Rb7 Bxg4+ 41. Kxg4 f5+ 0-1

[Event "Vicente Lopez ProAm 100 Years op"]
[Site "Buenos Aires"]
[Date "2022.10.16"]
[Round "6"]
[White "Hernandez Amura, Gilberto"]
[Black "Manzone, Alessandro Jr"]
[Result "0-1"]
[WhiteElo "2193"]
[BlackElo "2394"]
[PlyCount "78"]
[EventDate "2022.10.11"]
[EventType "swiss"]
[EventRounds "9"]
[EventCountry "ARG"]
[SourceTitle "CBM 210 Extra"]
[Source "ChessBase"]
[SourceDate "2022.11.30"]
[SourceVersion "1"]
[SourceVersionDate "2022.11.30"]
[SourceQuality "1"]

1. e4 c5 2. Nf3 e6 3. b3 Nc6 4. Bb2 a6 5. c4 Qc7 6. g3 Nf6 7. e5 Ng4 8. Bg2 b6 9. 0-0 Bb7 10. Re1 Be7 11. h3 Nh6 12. Nc3 0-0 13. Ne4 Nf5 14. d3 Nfd4 15. Nxd4 Nxd4 16. Bxd4 cxd4 17. Nd2 Bxg2 18. Kxg2 f6 19. Qe2 f5 20. f4 Bb4 21. Red1 b5 22. Rac1 Bc3 23. Nb1 b4 24. a4 bxa3 25. Nxc3 dxc3 26. Rxc3 Qb7+ 27. Kh2 Qb4 28. Qc2 a5 29. Ra1 Rfb8 30. Ra2 a4 31. bxa4 Rxa4 32. Qc1 Qb2+ 33. Rc2 Qb3 34. Qd2 Rab4 35. Qc1 Qxd3 36. Rxa3 Rb3 37. Rxb3 Rxb3 38. Rg2 Rb1 39. Qc2 Qf1 0-1

[Event "ARG-ch 96th"]
[Site "Buenos Aires"]
[Date "2022.06.09"]
[Round "8"]
[White "Tomeo, Ivan"]
[Black "Manzone, Alessandro Jr"]
[Result "1-0"]
[WhiteElo "2246"]
[BlackElo "2416"]
[PlyCount "119"]
[EventDate "2022.06.02"]
[EventType "swiss"]
[EventRounds "11"]
[EventCountry "ARG"]
[SourceTitle "CBM 208 Extra"]
[Source "ChessBase"]
[SourceDate "2022.07.31"]
[SourceVersion "1"]
[SourceVersionDate "2022.07.31"]
[SourceQuality "1"]

1. e4 c5 2. Nf3 e6 3. d4 cxd4 4. Nxd4 Nc6 5. Nc3 Qc7 6. Be3 a6 7. g4 b5 8. Nxc6 Qxc6 9. Qd2 b4 10. Ne2 Bc5 11. 0-0-0 Ne7 12. Bd4 0-0 13. Qg5 Bxd4 14. Nxd4 Qd6 15. Nf5 Nxf5 16. Rxd6 Nxd6 17. Qe7 Nxe4 18. Bg2 d5 19. Bxe4 dxe4 20. Rd1 h6 21. Rd8 Rxd8 22. Qxd8+ Kh7 23. Qc7 f5 24. Kd2 a5 25. Ke3 a4 26. Kf4 a3 27. bxa3 bxa3 28. h4 fxg4 29. h5 Ba6 30. Qc6 Rf8+ 31. Kg3 Bc8 32. Kg2 Kg8 33. c4 e5 34. c5 Bf5 35. Qd5+ Kh7 36. c6 g6 37. Qd6 Rf7 38. hxg6+ Bxg6 39. c7 Bf5 40. Qd8 h5 41. c8Q Bxc8 42. Qxc8 Rf3 43. Qe8 Kh6 44. Qe6+ Kg5 45. Qxe5+ Kg6 46. Qxe4+ Kg5 47. Qh7 Rh3 48. Qe7+ Kf5 49. Qf7+ Ke4 50. Qc4+ Kf5 51. Qd5+ Kf4 52. Qd4+ Kf5 53. f4 h4 54. Qe5+ Kg6 55. f5+ Kg5 56. f6+ Kg6 57. Qe6 Rg3+ 58. Kf2 Rf3+ 59. Ke2 Rxf6 60. Qxg4+ 1-0

[Event "ARG-ch 96th"]
[Site "Buenos Aires"]
[Date "2022.06.04"]
[Round "3"]
[White "Manzone, Alessandro Jr"]
[Black "Silva, Lucas"]
[Result "1/2-1/2"]
[WhiteElo "2416"]
[BlackElo "2232"]
[PlyCount "165"]
[EventDate "2022.06.02"]
[EventType "swiss"]
[EventRounds "11"]
[EventCountry "ARG"]
[SourceTitle "CBM 208 Extra"]
[Source "ChessBase"]
[SourceDate "2022.07.31"]
[SourceVersion "1"]
[SourceVersionDate "2022.07.31"]
[SourceQuality "1"]

1. d4 f5 2. Nf3 Nf6 3. g3 g6 4. Bg2 Bg7 5. 0-0 0-0 6. c4 d6 7. Nc3 c6 8. d5 e5 9. dxe6 Bxe6 10. b3 Na6 11. Ng5 Qe7 12. Nxe6 Qxe6 13. Bb2 Ne4 14. Qc2 d5 15. cxd5 cxd5 16. Nxe4 dxe4 17. Bxg7 Kxg7 18. f3 Qe5 19. fxe4 f4 20. gxf4 Rxf4 21. Rxf4 Qxa1+ 22. Rf1 Qd4+ 23. Kh1 Rd8 24. Qc1 Qd2 25. Qc4 Rf8 26. Rxf8 Kxf8 27. Qc8+ Kg7 28. Qxb7+ Kh6 29. Bf3 Qc1+ 30. Kg2 Qg5+ 31. Kh3 Nc5 32. Qd5 Qe7 33. Kg3 Nd7 34. h4 Ne5 35. Qd2+ Kg7 36. b4 h6 37. a4 g5 38. hxg5 hxg5 39. b5 Ng6 40. Qd5 g4 41. Bxg4 Qh4+ 42. Kf3 Qh1+ 43. Ke3 Qg1+ 44. Kd2 Qxg4 45. Qd4+ Kg8 46. e3 Qg2+ 47. Kc3 Qg1 48. Qxa7 Qc1+ 49. Kb3 Qd1+ 50. Kc4 Qc2+ 51. Kd5 Qb3+ 52. Kd6 Qb4+ 53. Kc7 Qe7+ 54. Kb8 Qe8+ 55. Kc7 Qe7+ 56. Kb6 Qe6+ 57. Ka5 Qxe4 58. Qd4 Qa8+ 59. Kb4 Ne7 60. a5 Qh1 61. a6 Qb1+ 62. Kc5 Qf5+ 63. Kd6 Nc8+ 64. Kc7 Ne7 65. a7 Qc8+ 66. Kb6 Qe6+ 67. Ka5 Qa2+ 68. Kb4 Qb1+ 69. Ka5 Qa2+ 70. Qa4 Qd5 71. Qg4+ Kf7 72. e4 Qb7 73. Qf4+ Ke6 74. Qb8 Qxe4 75. a8Q Qe1+ 76. Ka4 Qd1+ 77. Kb4 Qd4+ 78. Ka5 Qa1+ 79. Kb6 Qd4+ 80. Kc7 Qd7+ 81. Kb6 Qd4+ 82. Ka6 Qa4+ 83. Kb6 1/2-1/2

[Event "Titled Tuesday intern op 04th Jan"]
[Site "Chess.com INT"]
[Date "2022.01.04"]
[Round "8"]
[White "Manzone, Alessandro Jr"]
[Black "Suvorov, Luca"]
[Result "0-1"]
[WhiteElo "2416"]
[BlackElo "2294"]
[PlyCount "78"]
[EventDate "2022.01.04"]
[EventType "swiss (blitz)"]
[EventRounds "11"]
[EventCountry "USA"]
[SourceTitle "EXT 2023"]
[Source "ChessBase"]
[SourceDate "2022.10.05"]
[SourceVersion "1"]
[SourceVersionDate "2022.10.05"]
[SourceQuality "1"]

1. d4 Nf6 2. c4 e6 3. Nc3 Bb4 4. g3 d5 5. Bg2 0-0 6. Nf3 dxc4 7. 0-0 Nc6 8. Qa4 a6 9. Ne5 Nxe5 10. dxe5 Bxc3 11. bxc3 Nd7 12. Bf4 b5 13. Qc2 Ra7 14. a4 Bb7 15. e4 Qa8 16. Be3 c5 17. Rfd1 Bc6 18. f4 bxa4 19. Rd6 Rb8 20. Bf2 Qb7 21. Qd2 Qc7 22. Rd1 a3 23. Ra1 Rab7 24. Rxa3 Rb1+ 25. Bf1 R8b2 26. Qe3 Qb7 27. Qxc5 Bxe4 28. Qxc4 Bg2 29. Rxd7 Qxd7 30. Kxg2 h5 31. h3 Qd2 32. Qc5 Qd1 33. Qc4 Qd2 34. Qc5 Qc2 35. Ra4 Qxa4 36. Qc8+ Kh7 37. Bd3+ g6 38. Bxb1 Rxb1 39. Qc7 Qe4+ 0-1

[Event "Titled Tuesday intern op 04th Jan"]
[Site "Chess.com INT"]
[Date "2022.01.04"]
[Round "7"]
[White "Suarez Uriel, Adrian"]
[Black "Manzone, Alessandro Jr"]
[Result "1-0"]
[WhiteElo "2352"]
[BlackElo "2416"]
[PlyCount "49"]
[EventDate "2022.01.04"]
[EventType "swiss (blitz)"]
[EventRounds "11"]
[EventCountry "USA"]
[SourceTitle "EXT 2023"]
[Source "ChessBase"]
[SourceDate "2022.10.05"]
[SourceVersion "1"]
[SourceVersionDate "2022.10.05"]
[SourceQuality "1"]

1. e4 c5 2. Ne2 e6 3. d4 cxd4 4. Nxd4 Nc6 5. Nc3 Qc7 6. Be3 a6 7. Qf3 Ne5 8. Qg3 Bd6 9. f4 Ng6 10. e5 Bb4 11. Bd3 N8e7 12. 0-0 Bxc3 13. bxc3 0-0 14. h4 Nd5 15. Bd2 f5 16. exf6 Rxf6 17. h5 Ngxf4 18. c4 Nxd3 19. Qxd3 Nf4 20. Bxf4 Rxf4 21. Rxf4 Qxf4 22. Rf1 Qd6 23. Kh1 Rb8 24. Nf5 Qc5 25. Qd4 1-0